000 00708nam a2200289Ia 4500
005 20260324133734.0
008 008 260324s9999 xx 000 0 eng d
020 _a9780203509012
037 _aEBOOK
040 _aCRL
040 _beng
040 _cCRL
041 _2eng
041 _aeng
084 _qCRL
100 _aGalia Press-Barnathan
_91194209
245 0 _aOrganizing the World
245 4 _bThe United States and Regional Cooperation in Asia and Europe
260 _bTaylor and Francis
260 _c2003
365 _a
365 _b230
856 _uhttp://www.taylorfrancis.com/books/9780203509012
942 _cEBOOK
999 _c1793580
_d1793580